[Event "III Open Costa Viola B"]
[Site "Sant'Eufemia d'Aspromonte ITA"]
[Date "2010.01.04"]
[Round "4"]
[White "Paragliola, Gennaro"]
[Black "Martino, Giovanni"]
[Result "1-0"]
[WhiteElo "1605"]
[BlackElo "1536"]
[PlyCount "69"]
[EventDate "2010.01.02"]

1. d4 Nf6 2. c4 g6 3. Nc3 d5 4. Bg5 Bg7 5. Bxf6 Bxf6 6. Nxd5 Bg7 7. e3 O-O 8.
Nf3 c6 9. Nf4 b6 10. Be2 Bf5 11. O-O Qc7 12. Rc1 Rd8 13. Nd3 a5 14. Nh4 Bc8 15.
Qc2 Na6 16. a3 Bf6 17. Nf3 Bf5 18. h3 c5 19. d5 Qd6 20. Nd2 e6 21. e4 Bxh3 22.
gxh3 exd5 23. cxd5 Qe7 24. f3 Qd6 25. f4 Bd4+ 26. Kg2 f5 27. Nc4 Qd7 28. Nxb6
Qe7 29. Nxa8 Rxa8 30. e5 g5 31. d6 Qb7+ 32. Bf3 Qg7 33. Bxa8 gxf4+ 34. Kh1 Qg3
35. Qg2 1-0

[Event "III Open Costa Viola B"]
[Site "Sant'Eufemia d'Aspromonte ITA"]
[Date "2010.01.04"]
[Round "4"]
[White "Pelyushenko, Vladyslav"]
[Black "Fariselli, Umberto"]
[Result "1-0"]
[WhiteElo "1792"]
[BlackElo "1476"]
[PlyCount "91"]
[EventDate "2010.01.02"]

1. d4 g6 2. Nf3 d5 3. c4 c6 4. Nc3 Bg7 5. cxd5 cxd5 6. Bf4 Nc6 7. e3 a6 8. Qa4
Qd7 9. Bb5 e6 10. Ne5 Bxe5 11. Bxe5 f6 12. Bg3 Nge7 13. Be2 O-O 14. a3 Nf5 15.
O-O Nxg3 16. hxg3 Ra7 17. Qc2 b5 18. Rac1 Rc7 19. Bd3 Qf7 20. b4 Bd7 21. Qb2
Rfc8 22. Ne2 Be8 23. Rc5 Na7 24. Rfc1 Bc6 25. Qc2 f5 26. f3 Qf6 27. e4 Qe7 28.
exd5 exd5 29. Nf4 Qe3+ 30. Qf2 Qxf2+ 31. Kxf2 Re8 32. Nxd5 Rf7 33. Nf4 Ree7 34.
d5 Be8 35. Bb1 Rf6 36. Rc7 Kf7 37. Rxe7+ Kxe7 38. Rc7+ Bd7 39. Rxa7 Rd6 40. Ke3
Kf6 41. Kd4 g5 42. Nd3 Be6 43. Nc5 Rxd5+ 44. Ke3 Re5+ 45. Kf2 Bc4 46. Nd7+ 1-0

[Event "III Open Costa Viola B"]
[Site "Sant'Eufemia d'Aspromonte ITA"]
[Date "2010.01.04"]
[Round "4"]
[White "Pirrotta, Domenico"]
[Black "Pallonetto, Cristofaro"]
[Result "0-1"]
[WhiteElo "1323"]
[BlackElo "1494"]
[PlyCount "76"]
[EventDate "2010.01.02"]

1. e4 e5 2. Nf3 Nc6 3. Bb5 d6 4. h3 Bd7 5. c3 Nf6 6. d3 a6 7. Ba4 h6 8. O-O Be7
9. Be3 O-O 10. Nbd2 b5 11. Bc2 Be6 12. b3 Qd7 13. c4 Rab8 14. Re1 Nd4 15. Nxd4
exd4 16. Bxd4 c5 17. Bb2 b4 18. Nf3 Qc8 19. e5 Ne8 20. d4 dxe5 21. Rxe5 Bf6 22.
Rxc5 Qd7 23. d5 Bxb2 24. dxe6 Qxe6 25. Bf5 Qf6 26. Rb1 Rd8 27. Rd5 Nd6 28. Bc2
Rfe8 29. Qd2 Bc3 30. Qd3 g6 31. Rd1 Nb7 32. c5 Nxc5 33. Rxd8 Nxd3 34. Rxe8+ Kg7
35. Rxd3 Qf4 36. g3 Qc1+ 37. Bd1 Qb1 38. Re2 Qxd3 0-1

[Event "III Open Costa Viola B"]
[Site "Sant'Eufemia d'Aspromonte ITA"]
[Date "2010.01.04"]
[Round "4"]
[White "Pratico', Paolo"]
[Black "Quattrone, Andrea"]
[Result "1/2-1/2"]
[WhiteElo "1278"]
[BlackElo "1440"]
[PlyCount "72"]
[EventDate "2010.01.02"]

1. g3 Nf6 2. Bg2 d5 3. Nf3 c5 4. O-O Nc6 5. b3 e5 6. Bb2 e4 7. Ne5 Nxe5 8. Bxe5
Be7 9. Bxf6 Bxf6 10. Nc3 O-O 11. Rb1 Re8 12. b4 cxb4 13. Rxb4 Qd6 14. Rb1 b6
15. Nb5 Qc5 16. e3 Ba6 17. Qe2 Qxc2 18. a4 Qxa4 19. Bh3 Bc8 20. Bxc8 Rexc8 21.
Nd6 Qa2 22. Nxc8 Rxc8 23. Rfc1 Rc2 24. Rd1 Qc4 25. Qe1 h6 26. Rbc1 Rxc1 27.
Rxc1 Qa4 28. Rc8+ Kh7 29. Rc7 Kg8 30. Qe2 Qa1+ 31. Kg2 Qe5 32. Rxa7 d4 33. Qc4
Qh5 34. exd4 Qf3+ 35. Kg1 Qd1+ 36. Kg2 Qf3+ 1/2-1/2

[Event "III Open Costa Viola B"]
[Site "Sant'Eufemia d'Aspromonte ITA"]
[Date "2010.01.04"]
[Round "4"]
[White "Rametta, Marcello"]
[Black "Gregori, Giacomo"]
[Result "1-0"]
[WhiteElo "1732"]
[BlackElo "1794"]
[PlyCount "105"]
[EventDate "2010.01.02"]

1. e4 c5 2. c3 g6 3. Bd3 d5 4. h3 Nc6 5. Nf3 Bg7 6. exd5 Qxd5 7. Bb5 e5 8. O-O
Nge7 9. Re1 O-O 10. d3 Qd6 11. Ng5 a6 12. Ne4 Qc7 13. Ba4 b5 14. Bc2 Nd8 15.
Bg5 f5 16. Ned2 Ne6 17. Bxe7 Qxe7 18. Bb3 Kh8 19. Bd5 Bb7 20. Bxb7 Qxb7 21. Qf3
Qd7 22. Nb3 Rad8 23. Na3 Qxd3 24. Qb7 Qd6 25. Rad1 Qxd1 26. Rxd1 Rxd1+ 27. Kh2
Rd6 28. Na5 e4 29. g3 Be5 30. Nc6 Bf6 31. Kg2 Nd8 32. Nxd8 Rfxd8 33. Nc2 Bg5
34. h4 Bf6 35. Ne3 c4 36. Nf1 R8d7 37. Qc8+ Kg7 38. Kg1 h6 39. Kg2 Bd8 40. Ne3
Bb6 41. Nf1 Ba7 42. Qe8 Kh7 43. Qf8 Bb6 44. h5 Bc5 45. hxg6+ Kxg6 46. Qg8+ Rg7
47. Qe8+ Kg5 48. Qe5 Rc6 49. Qxg7+ Rg6 50. Qc7 Bd6 51. Qd8+ Rf6 52. Ne3 Kg6 53.
Nd5 1-0

[Event "III Open Costa Viola B"]
[Site "Sant'Eufemia d'Aspromonte ITA"]
[Date "2010.01.04"]
[Round "4"]
[White "Rizzuti, Pasquale"]
[Black "Fiorentino, Vincenzo"]
[Result "0-1"]
[WhiteElo "1821"]
[BlackElo "1509"]
[PlyCount "78"]
[EventDate "2010.01.02"]

1. b3 d5 2. Bb2 Nc6 3. f4 Bf5 4. Nf3 e6 5. e3 a6 6. Be2 Nf6 7. O-O Bd6 8. Nc3
Qe7 9. a3 O-O 10. Nh4 Bg6 11. Nxg6 fxg6 12. Bf3 Rf7 13. g4 Nd7 14. Nxd5 Qh4 15.
Nxc7 Bxc7 16. Qe2 Raf8 17. d4 Kh8 18. g5 Bxf4 19. exf4 Rxf4 20. Bxc6 bxc6 21.
Rxf4 Rxf4 22. Rf1 Qxg5+ 23. Kh1 Qd5+ 24. Kg1 Qg5+ 25. Qg2 Rg4 26. Qxg4 Qxg4+
27. Kh1 Nf6 28. d5 cxd5 29. a4 Qe4+ 30. Kg1 Qxc2 31. Be5 h5 32. h4 Qxb3 33. a5
Qe3+ 34. Kg2 Qxe5 35. Kh3 Ng4 36. Rf8+ Kh7 37. Kg2 d4 38. Kf3 d3 39. Rd8 Qe2+
0-1

[Event "III Open Costa Viola B"]
[Site "Sant'Eufemia d'Aspromonte ITA"]
[Date "2010.01.04"]
[Round "4"]
[White "Russo, Carmelo"]
[Black "Sgro', Valerio"]
[Result "1-0"]
[WhiteElo "1731"]
[BlackElo "1422"]
[PlyCount "89"]
[EventDate "2010.01.02"]

1. d4 d5 2. c4 Nf6 3. Nc3 e6 4. cxd5 exd5 5. Bg5 c6 6. e3 Be7 7. Bd3 Be6 8. Qb3
Qc7 9. Nf3 Nbd7 10. Bf4 Bd6 11. Bxd6 Qxd6 12. Qxb7 O-O 13. O-O Rfb8 14. Qa6 Rb6
15. Qa3 Qc7 16. Na4 Rb7 17. Rac1 Ng4 18. Ba6 Rbb8 19. Nc5 Rb6 20. Bd3 Nxc5 21.
Rxc5 Rab8 22. b3 Qe7 23. Qb2 Qf6 24. Rfc1 Bd7 25. Qc2 h5 26. h3 Nh6 27. Ne5 Be8
28. Nxc6 R8b7 29. Ne5 g5 30. Rc8 Re7 31. Nc6 Re6 32. Ne5 g4 33. Nd7 Qg5 34.
hxg4 Rbd6 35. Ne5 hxg4 36. Qc7 g3 37. Rxe8+ Rxe8 38. Qxd6 gxf2+ 39. Kxf2 Rxe5
40. Qb8+ Kg7 41. Qxe5+ Qxe5 42. dxe5 Ng4+ 43. Ke2 Nxe5 44. Rc7 a5 45. Rc5 1-0

[Event "III Open Costa Viola B"]
[Site "Sant'Eufemia d'Aspromonte ITA"]
[Date "2010.01.04"]
[Round "4"]
[White "Tralongo, Roberto"]
[Black "Vallone, Rosario"]
[Result "0-1"]
[WhiteElo "1419"]
[BlackElo "1551"]
[PlyCount "72"]
[EventDate "2010.01.02"]

1. Nf3 d5 2. d4 c6 3. c4 Nf6 4. Nc3 a6 5. Bg5 Bf5 6. Bxf6 exf6 7. e3 Be7 8. Bd3
Be6 9. a3 dxc4 10. Bc2 O-O 11. O-O Nd7 12. e4 Nb6 13. Qe2 Re8 14. Rad1 Qc7 15.
d5 cxd5 16. exd5 Bg4 17. h3 Bxa3 18. Qd2 Bxf3 19. d6 Qd7 20. bxa3 Bxd1 21. Rxd1
f5 22. Qg5 g6 23. Nd5 Nxd5 24. Rxd5 Re6 25. Bxf5 Re1+ 26. Kh2 Qd8 27. Qg4 b5
28. d7 Qc7+ 29. g3 Rd8 30. Qg5 c3 31. Rc5 Qxc5 32. Qxd8+ Kg7 33. h4 h5 34. Qg8+
Kxg8 35. d8=Q+ Kg7 36. Bh3 c2 0-1

[Event "III Open Costa Viola B"]
[Site "Sant'Eufemia d'Aspromonte ITA"]
[Date "2010.01.04"]
[Round "4"]
[White "Vazzana, Antonio"]
[Black "Battaglia, Domenica"]
[Result "1-0"]
[WhiteElo "1449"]
[BlackElo "1557"]
[PlyCount "105"]
[EventDate "2010.01.02"]

1. c4 e6 2. Nf3 Nf6 3. Nc3 b6 4. e4 d6 5. d4 Bb7 6. Bd3 c6 7. O-O Qc7 8. Re1 e5
9. Qa4 Nbd7 10. Be3 Be7 11. h3 O-O 12. Rad1 h6 13. b4 a5 14. b5 cxb5 15. Qxb5
Ba6 16. Qb3 Rfc8 17. Nb5 Bxb5 18. Qxb5 Nh5 19. Be2 Nf4 20. Bxf4 exf4 21. Qf5 g5
22. Bd3 Nf8 23. e5 Qd7 24. Qe4 Re8 25. Nh2 dxe5 26. dxe5 Qe6 27. Be2 Bb4 28.
Bg4 Qe7 29. Re2 Rad8 30. Rd5 Rxd5 31. cxd5 Ng6 32. e6 Kg7 33. Qd4+ f6 34. Bh5
Bc5 35. Qd3 Ne5 36. Rxe5 fxe5 37. Qg6+ Kf8 38. Qxh6+ Qg7 39. Qxg7+ Kxg7 40.
Bxe8 e4 41. Kf1 Kf6 42. a4 Ke5 43. Bc6 Kd6 44. Ke2 Ke5 45. Ng4+ Kf5 46. Nh6+
Kf6 47. Nf7 Kf5 48. Bb5 g4 49. Bc4 gxh3 50. gxh3 f3+ 51. Kf1 e3 52. fxe3 Bxe3
53. d6 1-0

[Event "III Open Costa Viola B"]
[Site "Sant'Eufemia d'Aspromonte ITA"]
[Date "2010.01.04"]
[Round "5"]
[White "Attina', Rodolfo"]
[Black "Vazzana, Antonio"]
[Result "0-1"]
[WhiteElo "1368"]
[BlackElo "1449"]
[PlyCount "62"]
[EventDate "2010.01.02"]

1. d4 Nf6 2. e3 e6 3. g3 Nc6 4. c3 b6 5. Bg2 Be7 6. Nf3 Bb7 7. O-O O-O 8. Re1
d5 9. Nbd2 Na5 10. b3 c5 11. Ba3 Rc8 12. c4 dxc4 13. bxc4 cxd4 14. Bxe7 Qxe7
15. Nxd4 Bxg2 16. Kxg2 Nxc4 17. Nxc4 Rxc4 18. Qd3 Rfc8 19. Red1 R4c5 20. Qa3
Ng4 21. Nb3 Qb7+ 22. Kg1 Rc2 23. Qd6 h6 24. Nd2 Qa6 25. Qf4 Qe2 26. Ne4 e5 27.
Qf5 Nxe3 28. Qxe5 Nxd1 29. Nf6+ gxf6 30. Qxe2 Rxe2 31. Rxd1 Rcc2 0-1

[Event "III Open Costa Viola B"]
[Site "Sant'Eufemia d'Aspromonte ITA"]
[Date "2010.01.04"]
[Round "5"]
[White "Bruno, Elio"]
[Black "Daniac, Federico"]
[Result "1-0"]
[WhiteElo "1723"]
[BlackElo "1578"]
[PlyCount "136"]
[EventDate "2010.01.02"]

1. e4 c5 2. Nf3 d6 3. d4 cxd4 4. Nxd4 g6 5. Nc3 Bg7 6. Be3 Nf6 7. f3 O-O 8. Qd2
Bd7 9. Bh6 Nc6 10. Bxg7 Kxg7 11. O-O-O a6 12. h4 b5 13. Nxc6 Bxc6 14. g4 Qb6
15. Bd3 b4 16. Ne2 a5 17. h5 a4 18. hxg6 fxg6 19. Qh6+ Kf7 20. g5 Nd7 21. Qxh7+
Ke8 22. Qxg6+ Kd8 23. f4 Nc5 24. Qg7 Nxd3+ 25. Rxd3 Bxe4 26. Rxd6+ exd6 27.
Qxf8+ Kd7 28. Qg7+ Kc6 29. Nd4+ Kc5 30. Rd1 Ra7 31. Qf6 d5 32. Qxb6+ Kxb6 33.
Kd2 Rf7 34. Ke3 Kc5 35. Rg1 Kd6 36. a3 bxa3 37. bxa3 Rf8 38. c4 Re8 39. cxd5
Kxd5 40. Nf3 Bg6+ 41. Ne5 Re6 42. Rd1+ Kc5 43. Rd4 Bf5 44. Rxa4 Kb5 45. Rb4+
Kc5 46. Ra4 Re8 47. Kf3 Rg8 48. Ra7 Kb6 49. Rf7 Bc2 50. Rf6+ Ka5 51. g6 Ka4 52.
Rc6 Bb3 53. Ra6+ Kb5 54. Ra7 Kb6 55. Re7 Kc5 56. Kg4 Kd6 57. Ra7 Ke6 58. Kg5
Bc2 59. a4 Be4 60. a5 Bc2 61. a6 Be4 62. Kh6 Kf6 63. Kh7 Re8 64. Rf7+ Ke6 65.
Kg7 Rc8 66. Rf8 Rc7+ 67. Kh8 Bxg6 68. Nxg6 Ra7 1-0

[Event "III Open Costa Viola B"]
[Site "Sant'Eufemia d'Aspromonte ITA"]
[Date "2010.01.04"]
[Round "5"]
[White "Carbone, Edoardo"]
[Black "Massaro, Umile"]
[Result "1-0"]
[WhiteElo "1584"]
[BlackElo "1440"]
[PlyCount "137"]
[EventDate "2010.01.02"]

1. e4 c5 2. Nf3 d6 3. d4 cxd4 4. Nxd4 a6 5. Nc3 e6 6. Be3 Nf6 7. f3 Be7 8. Bc4
b5 9. Bb3 Bb7 10. g4 Nc6 11. g5 Nd7 12. h4 Nde5 13. Qe2 Na5 14. Rg1 Nxb3 15.
axb3 Ng6 16. Qg2 Nxh4 17. Qh3 Ng6 18. O-O-O Rc8 19. Nde2 Qc7 20. Rd2 Ne5 21.
Kb1 Ng6 22. Nf4 Nxf4 23. Bxf4 e5 24. Be3 Bc6 25. g6 fxg6 26. Rxg6 O-O 27. Rg3
Bd7 28. Qh1 Rf6 29. Nd5 Qd8 30. Nxf6+ Bxf6 31. Rh2 Qc7 32. Rgg2 Kf7 33. Rxh7
Rg8 34. Qg1 Qd8 35. Qh2 Qf8 36. Qh5+ Ke7 37. Bg5 Be8 38. Bxf6+ Qxf6 39. Qg4 Kf7
40. Rd2 Ke7 41. Rh1 Bd7 42. Qg3 Rc8 43. Qh4 Qxh4 44. Rxh4 Rg8 45. c4 Ke6 46.
Kc2 Ke7 47. Rd1 Rc8 48. Kc3 Be6 49. Rh7 Rg8 50. Ra1 Bc8 51. cxb5 axb5 52. Kb4
Bd7 53. Rhh1 g5 54. Ra7 g4 55. fxg4 Rg7 56. Rg1 Rg5 57. Raa1 Rg7 58. Raf1 Rf7
59. Rxf7+ Kxf7 60. g5 Kg6 61. Ka5 d5 62. exd5 e4 63. Kb6 e3 64. Kc7 Bf5 65. d6
e2 66. d7 Bxd7 67. Kxd7 e1=Q 68. Rxe1 Kxg5 69. Rf1 1-0

[Event "III Open Costa Viola B"]
[Site "Sant'Eufemia d'Aspromonte ITA"]
[Date "2010.01.04"]
[Round "5"]
[White "Carbone, Stefano"]
[Black "Pelyushenko, Vladyslav"]
[Result "0-1"]
[WhiteElo "1788"]
[BlackElo "1792"]
[PlyCount "66"]
[EventDate "2010.01.02"]

1. e4 d6 2. d4 Nf6 3. Nc3 g6 4. Be3 Bg7 5. f3 c6 6. Qd2 Nbd7 7. Nge2 Qc7 8. Bh6
O-O 9. h4 e5 10. h5 b5 11. a3 Nb6 12. Qg5 Nbd7 13. g4 Re8 14. Ng3 Bxh6 15. Qxh6
exd4 16. hxg6 fxg6 17. Nf5 Ne5 18. Nxd4 d5 19. O-O-O dxe4 20. g5 Nh5 21. Nxe4
Nf7 22. Nf6+ Nxf6 23. Qh4 Nh5 24. Qf2 Nxg5 25. Rxh5 gxh5 26. Qh4 Qg7 27. Qxh5
Rf8 28. Nxc6 Nxf3 29. Qd5+ Kh8 30. Kb1 Bb7 31. Bxb5 Bxc6 32. Qxc6 Rab8 33. b3
Nd4 0-1

[Event "III Open Costa Viola B"]
[Site "Sant'Eufemia d'Aspromonte ITA"]
[Date "2010.01.04"]
[Round "5"]
[White "Donzella, Emanuele"]
[Black "Zampaglione, Francesco"]
[Result "0-1"]
[WhiteElo "1646"]
[BlackElo "1461"]
[PlyCount "62"]
[EventDate "2010.01.02"]

1. e4 d6 2. d4 Nf6 3. Nc3 Nbd7 4. Be3 c6 5. Bd3 e5 6. Nge2 Qc7 7. O-O Ng4 8.
Bg5 h6 9. Bh4 Ngf6 10. f4 Be7 11. fxe5 dxe5 12. d5 cxd5 13. Nb5 Qb6+ 14. Bf2
Bc5 15. Ng3 Bxf2+ 16. Rxf2 dxe4 17. Be2 Ng4 18. Nd6+ Ke7 19. Ngf5+ Kf8 20. Bxg4
e3 21. Re2 h5 22. Bf3 Nc5 23. Nxc8 Rxc8 24. Qd6+ Qxd6 25. Nxd6 Rd8 26. Nc4 e4
27. Bxe4 Nxe4 28. Rxe3 Rd4 29. Rc3 Nxc3 30. bxc3 Rxc4 31. Rd1 Ke7 0-1

[Event "III Open Costa Viola B"]
[Site "Sant'Eufemia d'Aspromonte ITA"]
[Date "2010.01.04"]
[Round "5"]
[White "Fariselli, Umberto"]
[Black "Carrozza, Gregorio"]
[Result "0-1"]
[WhiteElo "1476"]
[BlackElo "1616"]
[PlyCount "47"]
[EventDate "2010.01.02"]

1. d4 e6 2. Nf3 Nf6 3. Nc3 d5 4. Bg5 h6 5. Bf4 Bd6 6. Be5 Bb4 7. a3 Bxc3+ 8.
bxc3 Nbd7 9. h3 O-O 10. e3 Ne4 11. Qd3 c5 12. c4 Qa5+ 13. Nd2 cxd4 14. Bxd4
Ndc5 15. Bxc5 Nxc5 16. Qd4 Rd8 17. Be2 dxc4 18. Qxd8+ Qxd8 19. O-O Qxd2 20.
Bxc4 Bd7 21. Bb3 Bc6 22. Rfd1 Qc3 23. Ba2 Kh7 24. Bb1 0-1

[Event "III Open Costa Viola B"]
[Site "Sant'Eufemia d'Aspromonte ITA"]
[Date "2010.01.04"]
[Round "5"]
[White "Gallo, Carlo"]
[Black "Della Rocca, Giorgio"]
[Result "0-1"]
[WhiteElo "1619"]
[BlackElo "1896"]
[PlyCount "108"]
[EventDate "2010.01.02"]

1. c4 Nf6 2. Nc3 e5 3. g3 c6 4. Bg2 Bb4 5. d3 O-O 6. Bd2 Re8 7. a3 Bxc3 8. Bxc3
d5 9. cxd5 cxd5 10. d4 e4 11. e3 Bg4 12. Qb3 Qd7 13. h3 Bh5 14. g4 Bg6 15. Ne2
h6 16. Rc1 Nc6 17. Nf4 Bh7 18. O-O g5 19. Ne2 Ne7 20. Qd1 Ng6 21. Ng3 Nh4 22.
Qe2 Kh8 23. f3 exf3 24. Bxf3 Nxf3+ 25. Qxf3 Re6 26. Nf5 Ne4 27. Be1 Rf6 28. b3
Qe6 29. Rc7 Nd6 30. Re7 Rxf5 31. Rxe6 Rxf3 32. Rxd6 Rxh3 33. Rxd5 Rxe3 34. Rd7
Rae8 35. Bf2 Rxb3 36. Rxf7 Kg8 37. Rd7 Be4 38. d5 Rh3 39. Bc5 Rc8 40. Bd6 Rh1+
41. Kf2 Rc2+ 42. Ke3 Rxf1 43. Kxe4 Rc4+ 44. Kd3 Rxg4 45. Rd8+ Kg7 46. Be5+ Kg6
47. d6 Kf7 48. Rd7+ Ke8 49. Rxb7 Rd1+ 50. Kc2 Rd5 51. Re7+ Kd8 52. Kb3 Re4 53.
Bf6 Rxe7 54. Bxe7+ Kd7 0-1

[Event "III Open Costa Viola B"]
[Site "Sant'Eufemia d'Aspromonte ITA"]
[Date "2010.01.04"]
[Round "5"]
[White "Gregori, Giacomo"]
[Black "Altomonte, Giuseppe"]
[Result "1-0"]
[WhiteElo "1794"]
[BlackElo "1773"]
[PlyCount "105"]
[EventDate "2010.01.02"]

1. d4 d5 2. Bf4 Nf6 3. e3 e6 4. Nf3 Ne4 5. Nbd2 Bd6 6. Bxd6 Qxd6 7. Nxe4 dxe4
8. Nd2 f5 9. c4 O-O 10. c5 Qe7 11. Bc4 Nd7 12. f3 exf3 13. Qxf3 c6 14. O-O Nf6
15. Qe2 Bd7 16. Nf3 Rad8 17. b4 Ne4 18. Bd3 Nc3 19. Qd2 Nd5 20. Bc4 Nf6 21. Ne5
Ng4 22. Nxg4 fxg4 23. Rf4 Rxf4 24. exf4 Qf6 25. Rd1 Be8 26. Qe3 Bf7 27. a4 Qf5
28. Re1 Qf6 29. Rd1 Qf5 30. Bb3 h5 31. b5 Kf8 32. Qe5 Qxe5 33. dxe5 Rxd1+ 34.
Bxd1 Be8 35. Be2 cxb5 36. axb5 Bd7 37. Kf2 Bc8 38. Ke3 Ke7 39. Kd4 Kd7 40. Bd3
a6 41. Kc4 h4 42. g3 hxg3 43. hxg3 Kc7 44. b6+ Kc6 45. Be4+ Kd7 46. Kb4 g6 47.
Ka5 g5 48. fxg5 Ke7 49. c6 bxc6 50. Bxc6 Kf7 51. b7 Bxb7 52. Bxb7 Kg6 53. Be4+
1-0

[Event "III Open Costa Viola B"]
[Site "Sant'Eufemia d'Aspromonte ITA"]
[Date "2010.01.04"]
[Round "5"]
[White "Ielapi, Vito"]
[Black "Rametta, Marcello"]
[Result "1-0"]
[WhiteElo "1830"]
[BlackElo "1732"]
[PlyCount "93"]
[EventDate "2010.01.02"]

1. d4 d5 2. Nf3 g6 3. Nbd2 Bg7 4. e4 dxe4 5. Nxe4 b6 6. Bc4 Bb7 7. Qd3 Nd7 8.
Bf4 Ngf6 9. Neg5 e6 10. h4 h6 11. Nh3 Nh5 12. O-O-O Nxf4 13. Nxf4 Qf6 14. Ne2
O-O-O 15. Qe3 Nc5 16. Nc3 Na6 17. Ne4 Qf5 18. Bd3 Qa5 19. a3 Nb8 20. c3 Nc6 21.
Ned2 Ne7 22. Nc4 Qa4 23. Nce5 Rdf8 24. Nxf7 Bd5 25. Nxh8 Rxh8 26. Bc2 Bb3 27.
Bxb3 Qxb3 28. Ne5 Nd5 29. Qd2 h5 30. g3 Bh6 31. f4 Rg8 32. Rhe1 Bf8 33. Qc2 Qa2
34. Kd2 Nxf4 35. gxf4 Bh6 36. Rf1 Qd5 37. Kc1 Qa2 38. Nd3 Qc4 39. Kb1 a5 40.
Qg2 Qa6 41. Qc6 Rg7 42. Qxe6+ Kb7 43. f5 Qb5 44. f6 Rd7 45. Qe8 Qd5 46. Rde1
Rd8 47. Qe4 1-0

[Event "III Open Costa Viola B"]
[Site "Sant'Eufemia d'Aspromonte ITA"]
[Date "2010.01.04"]
[Round "5"]
[White "Martino, Giovanni"]
[Black "Battaglia, Domenica"]
[Result "1-0"]
[WhiteElo "1536"]
[BlackElo "1557"]
[PlyCount "28"]
[EventDate "2010.01.02"]

1. e4 e5 2. Nf3 Nc6 3. Bc4 Nf6 4. Nc3 Bc5 5. d3 h6 6. O-O d6 7. h3 O-O 8. Be3
Bb6 9. Nd2 Nd4 10. a3 c6 11. Kh1 d5 12. Ba2 Ne6 13. exd5 cxd5 14. Bxb6 14...
Qxb6 {phone default} 1-0

[Event "III Open Costa Viola B"]
[Site "Sant'Eufemia d'Aspromonte ITA"]
[Date "2010.01.04"]
[Round "5"]
[White "Mercuri, Delia"]
[Black "Paragliola, Gennaro"]
[Result "0-1"]
[WhiteElo "1517"]
[BlackElo "1605"]
[PlyCount "188"]
[EventDate "2010.01.02"]

1. e4 g6 2. Nf3 Bg7 3. Nc3 e5 4. Bc4 d6 5. h3 Nc6 6. O-O f5 7. d3 f4 8. a3 Qe7
9. Re1 Be6 10. Nd5 Bxd5 11. Bxd5 Nf6 12. Ba2 Nh5 13. c3 g5 14. Qb3 O-O-O 15.
Qe6+ Kb8 16. Qxe7 Nxe7 17. Nxg5 Rdf8 18. Ne6 Rf6 19. d4 Rg6 20. dxe5 Bxe5 21.
Kh1 Rf6 22. Bd2 Ng6 23. Ng5 Nh4 24. Rg1 f3 25. g3 Ng6 26. Nf7 Rf8 27. Nxe5 Nxe5
28. Bg5 Rg6 29. Be3 Ng7 30. Rad1 Ne6 31. Rd2 h6 32. Bd4 Ng5 33. Bxe5 dxe5 34.
Rgd1 Kc8 35. Kg1 Nxh3+ 36. Kf1 Ng5 37. Rd5 Re8 38. R1d3 Rf6 39. Rd7 Nxe4 40.
Rh7 Ng5 41. Rhd7 e4 42. R3d4 Rff8 43. b4 e3 44. fxe3 Rxe3 45. Bc4 f2 46. Be2
Rxg3 47. Rg4 Rxc3 48. Rgd4 Rc1+ 49. Rd1 Rxd1+ 50. Rxd1 c6 51. a4 Ne4 52. Bg4+
Kc7 53. Rd3 Rf7 54. a5 Rg7 55. Bh3 Rg1+ 56. Ke2 Re1+ 57. Kf3 f1=Q+ 58. Bxf1
Rxf1+ 59. Kxe4 b6 60. a6 Rb1 61. Rd4 c5 62. bxc5 bxc5 63. Rd5 Kc6 64. Rd8 Ra1
65. Rc8+ Kb5 66. Kd5 Rd1+ 67. Ke5 c4 68. Rh8 Kxa6 69. Rxh6+ Kb5 70. Rh7 a5 71.
Rb7+ Ka4 72. Ke4 c3 73. Rc7 Kb3 74. Rb7+ Kc2 75. Ra7 Ra1 76. Rc7 a4 77. Kd4
Rd1+ 78. Kc4 a3 79. Kb4 a2 80. Rxc3+ Kd2 81. Ra3 a1=Q 82. Rxa1 Rxa1 83. Kc4 Re1
84. Kc5 Re3 85. Kc6 Kc3 86. Kb6 Re5 87. Kc6 Kd4 88. Kb6 Rc5 89. Kb7 Kd5 90. Kb6
Kd6 91. Kb7 Rc6 92. Kb8 Rc7 93. Ka8 Kc6 94. Kb8 Kb6 0-1

[Event "III Open Costa Viola B"]
[Site "Sant'Eufemia d'Aspromonte ITA"]
[Date "2010.01.04"]
[Round "5"]
[White "Mileo, Miguelito"]
[Black "Pirrotta, Domenico"]
[Result "1-0"]
[WhiteElo "1716"]
[BlackElo "1323"]
[PlyCount "71"]
[EventDate "2010.01.02"]

1. d4 Nf6 2. Bf4 d5 3. e3 e6 4. Nf3 Bd6 5. Ne5 O-O 6. Nd2 Nbd7 7. Bd3 b6 8. Qf3
c5 9. Nxf7 Rxf7 10. Bxd6 Ne8 11. Qg3 Ndf6 12. Be5 c4 13. Be2 Ba6 14. c3 Ne4 15.
Nxe4 dxe4 16. Qg4 Nf6 17. Qxe6 Bc8 18. Qxc4 Ng4 19. O-O Qe7 20. Qd5 Bb7 21. Qb3
Kh8 22. Bxg4 Ba6 23. c4 Qh4 24. h3 Raf8 25. Bg3 Qe7 26. Qc2 Rf6 27. b3 b5 28.
c5 b4 29. Be2 Bd3 30. Bxd3 exd3 31. Qxd3 Rf3 32. gxf3 Rxf3 33. Qe2 Qf6 34. Kg2
Rxg3+ 35. fxg3 Qc6+ 36. e4 1-0

[Event "III Open Costa Viola B"]
[Site "Sant'Eufemia d'Aspromonte ITA"]
[Date "2010.01.04"]
[Round "5"]
[White "Palermiti, Francesco"]
[Black "Pratico', Paolo"]
[Result "1-0"]
[WhiteElo "1470"]
[BlackElo "1278"]
[PlyCount "107"]
[EventDate "2010.01.02"]

1. d4 g6 2. Nf3 Bg7 3. c4 Nf6 4. Nbd2 O-O 5. e3 c6 6. Bd3 Na6 7. a3 c5 8. b3
cxd4 9. Nxd4 d5 10. Bb2 dxc4 11. Bxc4 Nd5 12. O-O Nac7 13. Rb1 b5 14. Bd3 b4
15. a4 Nc3 16. Bxc3 bxc3 17. N2f3 Nd5 18. h3 Qc7 19. Rc1 Nb4 20. Bc4 Na2 21.
Rc2 Nb4 22. Rc1 Bf5 23. Nb5 Qc5 24. Nxc3 Rfd8 25. Qe2 Bd3 26. Bxd3 Nxd3 27. Ne4
Qa3 28. Rb1 Bb2 29. Nfd2 Nc1 30. Qa6 Rd7 31. Nc4 Ne2+ 32. Kh1 Qxb3 33. Nxb2 Qc2
34. Ng3 Nc3 35. Qc4 Rad8 36. Rfc1 Qxf2 37. Qxc3 Rd2 38. Rg1 Qxg3 39. Rbd1 Qf2
40. Rxd2 Rxd2 41. Nc4 Rc2 42. Qd4 a6 43. a5 Qf5 44. e4 Qf4 45. Nb6 e5 46. Qd3
Rd2 47. Qf3 Qh4 48. Rf1 Qe7 49. Nd5 Qf8 50. Qf6 Rxd5 51. exd5 e4 52. d6 e3 53.
d7 e2 54. Re1 1-0

[Event "III Open Costa Viola B"]
[Site "Sant'Eufemia d'Aspromonte ITA"]
[Date "2010.01.04"]
[Round "5"]
[White "Quattrone, Andrea"]
[Black "Minucci, Veronica"]
[Result "1/2-1/2"]
[WhiteElo "1440"]
[BlackElo "1389"]
[PlyCount "73"]
[EventDate "2010.01.02"]

1. d4 d5 2. c4 e6 3. Nc3 Bb4 4. cxd5 Bxc3+ 5. bxc3 Qxd5 6. Qd3 b5 7. e4 Qd7 8.
Qxb5 Qxb5 9. Bxb5+ c6 10. Bd3 Ne7 11. Nf3 O-O 12. O-O f5 13. exf5 exf5 14. Re1
Re8 15. Ba3 c5 16. Bxc5 Nbc6 17. Rab1 Bd7 18. Ne5 Nd5 19. Bc4 Nxe5 20. dxe5 Be6
21. Bd4 Rec8 22. Bxd5 Bxd5 23. Rb5 Bxa2 24. Ra1 a6 25. Rb7 Rab8 26. Rxb8 Rxb8
27. Re1 Bc4 28. f4 Re8 29. Ra1 h6 30. Ra4 Bb5 31. Rb4 g5 32. c4 Bc6 33. Rb6 Be4
34. Rxa6 Rd8 35. Rd6 Rxd6 36. exd6 Bc6 37. g3 1/2-1/2

[Event "III Open Costa Viola B"]
[Site "Sant'Eufemia d'Aspromonte ITA"]
[Date "2010.01.04"]
[Round "5"]
[White "Sgro', Valerio"]
[Black "Arcidiaco, Francesco"]
[Result "0-1"]
[WhiteElo "1422"]
[BlackElo "1608"]
[PlyCount "92"]
[EventDate "2010.01.02"]

1. e4 d6 2. d4 Nf6 3. Nc3 g6 4. Nf3 Bg7 5. Bc4 c6 6. O-O O-O 7. Bg5 b5 8. Bb3
b4 9. Bxf6 Bxf6 10. Ne2 Bg4 11. Qd3 Qb6 12. c3 a5 13. h3 Bc8 14. Rfd1 Bb7 15.
e5 dxe5 16. dxe5 Bg7 17. e6 fxe6 18. Bxe6+ Kh8 19. Ng5 Qxf2+ 20. Kh1 c5 21. Ne4
Qh4 22. Nxc5 Bxg2+ 23. Kxg2 Qf2+ 24. Kh1 Be5 25. Ng3 Bxg3 26. Rd2 Qxc5 27. Qxg3
Nc6 28. cxb4 axb4 29. Rad1 Rf6 30. Bb3 Raf8 31. Rc2 Qb5 32. Qc7 Rf1+ 33. Rxf1
Qxf1+ 34. Kh2 Nd4 35. Qe5+ Qf6 36. Qxf6+ exf6 37. Rc4 Nxb3 38. axb3 Rb8 39. Kg3
Kg7 40. h4 Rb5 41. Kg4 h5+ 42. Kg3 Kf7 43. Rc7+ Ke6 44. Rg7 g5 45. hxg5 Rxg5+
46. Rxg5 fxg5 0-1

[Event "III Open Costa Viola B"]
[Site "Sant'Eufemia d'Aspromonte ITA"]
[Date "2010.01.04"]
[Round "5"]
[White "Vacchiano, Salvatore"]
[Black "Costantino, Gregorio"]
[Result "0-1"]
[WhiteElo "1581"]
[BlackElo "1434"]
[PlyCount "34"]
[EventDate "2010.01.02"]

1. d4 d6 2. e4 Nf6 3. Nc3 Nbd7 4. f4 e5 5. Bc4 Be7 6. Nf3 O-O 7. O-O c6 8. fxe5
dxe5 9. Nxe5 Nxe5 10. dxe5 b5 11. exf6 Bc5+ 12. Kh1 bxc4 13. fxg7 Re8 14. Bh6
Qh4 15. Qf3 Be6 16. Bf4 Rac8 17. Rad1 Bg4 0-1